Vzťah k vlasti a národu v optike žiakov základných a stredných škôl
Pokračovanie článku z predchádzajúceho čísla o výchove žiakov k dôležitým hodnotám spojených s vlastenectvom a národnou hrdosťou. Usmerňovanie a formovanie všestrannej osobnosti. Zhrnutie výsledkov.
Gespeichert in:
| 1. Verfasser: | |
|---|---|
| Format: | Buchkapitel |
| Sprache: | Slowakisch |
| Schlagworte: | |
| Tags: |
Keine Tags, Fügen Sie das erste Tag hinzu!
|
MARC
| LEADER | 00000naa a2200000 4500 | ||
|---|---|---|---|
| 001 | 0142387 | ||
| 005 | 20231127102345.3 | ||
| 041 | 0 | |a slo | |
| 044 | |a SK | ||
| 245 | 1 | 0 | |a Vzťah k vlasti a národu v optike žiakov základných a stredných škôl |c Marcela Bieliková |
| 520 | |a Pokračovanie článku z predchádzajúceho čísla o výchove žiakov k dôležitým hodnotám spojených s vlastenectvom a národnou hrdosťou. Usmerňovanie a formovanie všestrannej osobnosti. Zhrnutie výsledkov. | ||
| 610 | 2 | 0 | |a školstvo |
| 610 | 2 | 0 | |a školy základné |
| 610 | 2 | 0 | |a školy stredné |
| 610 | 2 | 0 | |a výchova |
| 610 | 2 | 0 | |a osobnosť |
| 610 | 2 | 0 | |a hodnota |
| 610 | 2 | 0 | |a kultúra |
| 610 | 2 | 0 | |a postoje |
| 610 | 2 | 0 | |a začlenenie sociálne |
| 100 | 1 | |a Bieliková, Marcela | |